Освоение океанов при помощи нефтяных платформ; Творчество юных - шаг в успешное будущее

Podrobná bibliografie
Parent link:Творчество юных - шаг в успешное будущее.— 2014.— [С. 394-396]
Hlavní autor: Миннибаев А. Г.
Korporativní autor: Национальный исследовательский Томский политехнический университет (ТПУ) Институт природных ресурсов (ИПР) Кафедра транспорта и хранения нефти и газа (ТХНГ)
Další autoři: Парфенова В. В. (научный руководитель), Фатун Е. Ю., Ильина Г. Ф. Галина Фёдоровна
Shrnutí:Заглавие с титульного экрана
Jazyk:ruština
Vydáno: 2014
Edice:Новейшие системы, техника и технологии освоения морей и океанов
Témata:
On-line přístup:http://www.lib.tpu.ru/fulltext/c/2015/C66/139.pdf
Médium: Elektronický zdroj Kapitola
KOHA link:https://koha.lib.tpu.ru/cgi-bin/koha/opac-detail.pl?biblionumber=612547

MARC

LEADER 00000naa2a2200000 4500
001 612547
005 20260424125358.0
035 |a (RuTPU)RU\TPU\conf\10669 
035 |a RU\TPU\conf\10665 
090 |a 612547 
100 |a 20150618d2014 k y0rusy50 ca 
101 0 |a rus 
102 |a RU 
135 |a drcn ---uucaa 
181 0 |a i  
182 0 |a b 
200 1 |a Освоение океанов при помощи нефтяных платформ  |f А. Г. Миннибаев, В. В. Парфенова, Е. Ю. Фатун  |g науч. рук. Г. Ф. Ильина 
203 |a Текст  |c электронный 
225 1 |a Новейшие системы, техника и технологии освоения морей и океанов 
300 |a Заглавие с титульного экрана 
320 |a [Библиогр.: с. 396 (4 назв.)] 
337 |a Adobe Reader 
463 1 |0 (RuTPU)RU\TPU\conf\10372  |t Творчество юных - шаг в успешное будущее  |o материалы VII Всероссийской научной студенческой конференции с элементами научной школы имени профессора М.К. Коровина, г. Томск, 10-14 ноября 2014 г.  |f Национальный исследовательский Томский политехнический университет (ТПУ) ; под ред. А. Ю. Дмитриева  |v [С. 394-396]  |d 2014 
610 1 |a труды учёных ТПУ 
610 1 |a электронный ресурс 
610 1 |a освоение 
610 1 |a океаны 
610 1 |a нефтяные платформы 
610 1 |a добыча 
610 1 |a нефти 
610 1 |a шельфы 
700 1 |a Миннибаев  |b А. Г. 
701 1 |a Парфенова  |b В. В. 
701 1 |a Фатун  |b Е. Ю. 
702 1 |a Ильина  |b Г. Ф.  |c российский геолог  |c доцент Томского политехнического университета, кандидат геолого-минералогических наук  |f 1958-  |g Галина Фёдоровна  |4 727 
712 0 2 |a Национальный исследовательский Томский политехнический университет (ТПУ)  |b Институт природных ресурсов (ИПР)  |b Кафедра транспорта и хранения нефти и газа (ТХНГ)  |3 (RuTPU)RU\TPU\col\18661 
801 2 |a RU  |b 63413507  |c 20161015  |g RCR 
856 4 |u http://www.lib.tpu.ru/fulltext/c/2015/C66/139.pdf 
942 |c BK